000 00445cam a2200181ua 4500
001 3721
008 120217n ii |||gr||||Z||||||asm
040 _cMAIN
082 _a891.4514
100 _aSarma, Hemanta Kumar,
245 1 1 _aSahityar jeuti
_cby Hemanta Kumar Sarma
250 _a1st.
260 _aGuwahati:
_bAssam Book Depot,990.
300 _a198p:
_c23cm.
653 _aAssamese literature
653 _aSahityar jeuti
942 _cBK
999 _c3548
_d3548